Score 0/12 Timer 03:00
10 Plays Today
% Correct
Hollywood Sign
California
99.2%
Disney World
Florida
95.2%
Empire State Building
New York
94%
Alamo
Texas
85.7%
Las Vegas Strip
Nevada
81.3%
Cloud Gate
Illinois
78.8%
USS Constitution
Massachusetts
72%
Mt. Vernon Estate
Virginia
69.4%
Red Rocks Amphitheatre
Colorado
68.1%
Cape Hatteras Lighthouse
North Carolina
58%
Chimney Rock
Nebraska
53%
House on the Rock
Wisconsin
47.8%
Remove Ads.
Support Sporcle.
Get the best of Sporcle when you Go Orange. This ad-free experience offers more features, more stats, and more fun while also helping to support Sporcle. Thank you for becoming a member.

You're not logged in!

Compare scores with friends on all Sporcle quizzes.
OR
Log In

Show Comments

Extras

Top Quizzes Today


Score Distribution

Your Account Isn't Verified!

In order to create a playlist on Sporcle, you need to verify the email address you used during registration. Go to your Sporcle Settings to finish the process.

Report this User

Report this user for behavior that violates our Community Guidelines.

Details: